folklore - taylor swift songs - Statistics

General Stats
  • This quiz has been taken 134 times
  • The average score is 13 of 17
Answer Stats
Hint Answer % Correct
1. the 1
91%
2. cardigan
90%
3. the last great american dynasty
85%
8. august
84%
14. betty
84%
4. exile
76%
6. mirrorball
76%
17. the lakes - bonus track
75%
7. seven
73%
15. hoax
72%
5. my tears ricochet
70%
10. illicit affairs
69%
16. peace
67%
13. epiphany
64%
9. this is me trying
63%
11. invisible string
58%
12. mad woman
58%
No matching quizzes found
Score Distribution
Percent of People with Each Score
Percentile by Number Answered
Your Score History
You have not taken this quiz